| 000 | 00880cab a22001935a 4500 | ||
|---|---|---|---|
| 001 | L144284 | ||
| 008 | 080708s2008 xxkd f 000 0 eng d | ||
| 035 | _a(Sirsi) u144284 | ||
| 041 | 0 | _aeng | |
| 110 | 2 |
_aDavis Langdon Mott Green Wall _94650 |
|
| 245 | 0 | 4 | _aThe answer's out there |
| 260 | _c2008 | ||
| 490 | 0 |
_aBuilding Services Journal _vJune 2008, 64-66(3) |
|
| 520 | _aExplains how replacing conventional TV distribution systems with LAN technology can save money and prevent low-tech problems. Lists the benefits of providing TV over LAN. Concludes with a brief cost analysis and comparison. Table shows cost comparison of coaxial distribution system versus IP system using actual figures in GB pounds. | ||
| 590 | _aKA | ||
| 651 | 4 |
_aUnited Kingdom _y |
|
| 690 | _aPROPERTY-INFRASTRUCTURE-TELECOMMUNICATIONS INFRASTRUCTURE-TELECOMMUNICATIONS FACILITIES | ||
| 942 | _n0 | ||
| 999 |
_c80417 _d80417 |
||